Mumbai: (Record no. 38212)

MARC details
000 -LEADER
fixed length control field 00676nam a22001937a 4500
005 - DATE AND TIME OF LATEST TRANSACTION
control field 20100730114755.0
010 ## - LCCN (DPL NO)
LC control number ENG-97161
020 ## - INTERNATIONAL STANDARD BOOK NUMBER
International Standard Book Number 9788187952220
Terms of availability 75.00
035 ## - SYSTEM CONTROL NUMBER
System control number EN-80694
037 ## - SOURCE OF ACQUISITION
Source of stock number/acquisition DBAD/PUB
082 ## - DEWEY DECIMAL CLASSIFICATION NUMBER
Classification number 954.1
100 ## - MAIN ENTRY--PERSONAL NAME
Personal name Kakar, S. C.
245 ## - TITLE STATEMENT
Title Mumbai:
Remainder of title city guide /
Statement of responsibility, etc by S. C. Kakar
260 ## - PUBLICATION, DISTRIBUTION, ETC. (IMPRINT)
Place of publication, distribution, etc Kolkata
Name of publisher, distributor, etc Mark-Age Services
Date of publication, distribution, etc 2010
270 ## - ADDRESS
Address ME/5, Niva Park-III, Brahmapur, Kolkata
City Kolkata
Postal code 700096
300 ## - PHYSICAL DESCRIPTION
Extent 80p.:
Dimensions 21cm (pbk)
Accompanying material photos
Other physical details ill.
942 ## - ADDED ENTRY ELEMENTS (KOHA)
Source of classification or shelving scheme Dewey Decimal Classification
Item type English Books
Classification part 954.1
Call number suffix KAK
Holdings
Withdrawn status Lost status Not for loan Collection code Home library Current library Date acquired Source of acquisition Cost, normal purchase price Full call number Barcode Copy number Cost, replacement price Koha item type
    Not For Loan Non-fiction D.B.Act.Division D.B.Act.Division 30/07/2010 DBAD/PUB 75.00 954.1 KAK EN-80694 1 75.00 English Books

© Delhi Public Library
Hit Counter
free hit counter